000 00376nam a2200145Ia 4500
008 231129s1985||||xx |||||||||||||| ||spa||
020 _a84-261-1548-9
040 _bspa
082 _a(i) 808.068543 B866b
100 _aBroger Achim
245 0 _aBuenos dias querida ballena
260 _c1985
264 _aJuventud
942 _2ddc
_cBKS
999 _c6377
_d6377